Countries with German as Official Language - Statistics

General Stats
  • This quiz has been taken 20 times
  • The average score is 6 of 6
Answer Stats
Continent # Country % Correct
Europe 1 Austria
100%
Europe 1 Germany
100%
Europe 3 Luxembourg
94%
Europe 4 Switzerland
94%
Europe 1 Liechtenstein
88%
Europe 3 Belgium
82%
No matching quizzes found
Score Distribution
Percent of People with Each Score
Percentile by Number Answered
Your Score History
You have not taken this quiz